00618nam a22001937a 45000050016000000080041000160100014000570200026000710350013000970370013001100400013001231000022001362450093001582600025002512700047002763000036003235000050003597000015004092010061106036.0100611t xxu||||| |||| 00| 0 eng d aENG-96338 a9788120338432c295.00 aEN-79871 bDBAD/PUB aDPLbEng aDamodarasamy, S.R aBasics of structural dynamics and aseismic design /cby S.R. Damodarasamy and S. Kavitha aNew DelhibPHIc2009 aM-97, Connaught Circus,bNew Delhie110001 axv, 320p. :c24 cm. (Pbk)bill. aincludes biblographical references and index aKavitha, S